| 000 | 00467cam a2200181 4500 | ||
|---|---|---|---|
| 001 | D12877 | ||
| 008 | 090401t1915 xxu||||| |||| 00| 0 eng d | ||
| 035 | _a(Sirsi) u6451 | ||
| 041 | _aeng | ||
| 100 | _aHaines, A.H. | ||
| 245 | _aSurveying and building construction for agricultural students land agents and farmers | ||
| 260 |
_bLongmans Green _c1915 |
||
| 350 | _a0 | ||
| 520 | _aShelf 181 | ||
| 700 | _aHooddaniel, A.F. | ||
| 942 | _n0 | ||
| 948 | _c04/03/1997 | ||
| 999 |
_c86309 _d86309 |
||